Canistan : Bütün Yapıtları :Roman (Record no. 3997)

000 -LEADER
fixed length control field 00582nam a22001937a 4500
008 - FIXED-LENGTH DATA ELEMENTS--GENERAL INFORMATION
fixed length control field 200114b ||||| |||| 00| 1 eng d
020 ## - INTERNATIONAL STANDARD BOOK NUMBER
International Standard Book Number 9753639317
041 ## - LANGUAGE CODE
Language code of text/sound track or separate title Türkçe
050 ## - LIBRARY OF CONGRESS CALL NUMBER
Classification number PL248.A75
100 ## - MAIN ENTRY--PERSONAL NAME
9 (RLIN) 1769
Personal name Atılgan, Yusuf
245 ## - TITLE STATEMENT
Title Canistan : Bütün Yapıtları :Roman
Statement of responsibility, etc. Kitap Editörü : Murat Yalçın
250 ## - EDITION STATEMENT
Edition statement 1.Baskı
260 ## - PUBLICATION, DISTRIBUTION, ETC.
Place of publication, distribution, etc. İstanbul:
Name of publisher, distributor, etc. Yapı Kredi Yayınları,
Date of publication, distribution, etc. Ekim 2000
300 ## - PHYSICAL DESCRIPTION
Extent 78 Sayfa
500 ## - GENERAL NOTE
General note Yapı Kredi Yayınları ; 1394
Edebiyat ; 375
650 #0 - SUBJECT ADDED ENTRY--TOPICAL TERM
9 (RLIN) 145
Topical term or geographic name entry element Türk Edebiyatı
700 ## - ADDED ENTRY--PERSONAL NAME
9 (RLIN) 1236
Personal name Yalçın, Murat
942 ## - ADDED ENTRY ELEMENTS (KOHA)
Source of classification or shelving scheme
Koha item type Books
Holdings
Withdrawn status Lost status Source of classification or shelving scheme Damaged status Not for loan Permanent Location Current Location Shelving location Date acquired Full call number Barcode Date last seen Price effective from Koha item type
        Ödünç verilemez İmren Ahmet Tüzün Kütüphanesi İmren Ahmet Tüzün Kütüphanesi Ahmet Tüzün 2020-01-14 PL248.A75 100100004276 2020-01-14 2020-01-14 Books

This software was implemented, installed and managed by Devinim Software Training Consulting .